Automatizácia účtovníctva a možnosti jej využitia pri vedení účtovných záznamov v sústave jednoduchého účtovníctva (ES POHOHA) bakalárska práca

Salvato in:
Dettagli Bibliografici
Autore principale: Jenčová, Katarína
Ente Autore: Fakulta hospodárskej informatiky EU. Katedra účtovníctva a audítorstva
Altri autori: Vašeková, Miroslava, 1978-
Natura: Libro
Lingua:slovacco
Pubblicazione: Bratislava 2017
Tags: Aggiungi Tag
Nessun Tag, puoi essere il primo ad aggiungerne!!

MARC

LEADER 00000nbm a2200000 4500
001 0233190
005 20180412140125.6
041 0 |a slo 
044 |a SK 
245 1 0 |a Automatizácia účtovníctva a možnosti jej využitia pri vedení účtovných záznamov v sústave jednoduchého účtovníctva (ES POHOHA)  |b bakalárska práca  |c Katarína Jenčová ; školiteľ: Miroslava Vašeková 
264 1 |a Bratislava  |c 2017 
300 |a 42 s. 
100 1 |a Jenčová, Katarína 
700 1 |a Vašeková, Miroslava, 1978- 
710 2 |a Fakulta hospodárskej informatiky EU. Katedra účtovníctva a audítorstva